<?xml version="1.0" encoding="UTF-8"?>
<record
    xmlns:xsi="http://www.w3.org/2001/XMLSchema-instance"
    xsi:schemaLocation="http://www.loc.gov/MARC21/slim http://www.loc.gov/standards/marcxml/schema/MARC21slim.xsd"
    xmlns="http://www.loc.gov/MARC21/slim">

  <leader>01571nam a22003137i 4500</leader>
  <datafield tag="952" ind1=" " ind2=" ">
    <subfield code="0">0</subfield>
    <subfield code="1">0</subfield>
    <subfield code="2">ddc</subfield>
    <subfield code="4">0</subfield>
    <subfield code="7">0</subfield>
    <subfield code="a">FUSBC</subfield>
    <subfield code="b">FUSBC</subfield>
    <subfield code="c">FIC</subfield>
    <subfield code="d">2019-04-04</subfield>
    <subfield code="e">Compra</subfield>
    <subfield code="l">0</subfield>
    <subfield code="o">G 230.044 C434t</subfield>
    <subfield code="p">14001</subfield>
    <subfield code="r">2019-12-12 00:00:00</subfield>
    <subfield code="w">2019-04-04</subfield>
    <subfield code="y">BK</subfield>
    <subfield code="I">INV2023</subfield>
  </datafield>
  <datafield tag="999" ind1=" " ind2=" ">
    <subfield code="c">64922</subfield>
    <subfield code="d">64922</subfield>
  </datafield>
  <controlfield tag="001">768714001</controlfield>
  <controlfield tag="003">CO-MdFUSB</controlfield>
  <controlfield tag="005">20190409114613.0</controlfield>
  <controlfield tag="008">190403b2014    Ph  |||| |||| 00| 0 eng d</controlfield>
  <datafield tag="020" ind1=" " ind2=" ">
    <subfield code="a">9789715033879</subfield>
  </datafield>
  <datafield tag="040" ind1=" " ind2=" ">
    <subfield code="a">CO-MdFUSB</subfield>
    <subfield code="b">spa</subfield>
    <subfield code="c">CO-MdFUSB</subfield>
    <subfield code="d">CO-MdFUSBC</subfield>
    <subfield code="e">rda</subfield>
  </datafield>
  <datafield tag="041" ind1=" " ind2=" ">
    <subfield code="a">eng</subfield>
  </datafield>
  <datafield tag="082" ind1=" " ind2=" ">
    <subfield code="2">23</subfield>
    <subfield code="a">230.044</subfield>
    <subfield code="b">C434</subfield>
  </datafield>
  <datafield tag="245" ind1=" " ind2="2">
    <subfield code="a">A theology of the spirit in doctrine and demostration :</subfield>
    <subfield code="b">Essays in Honor of Wonsuk and Julie Ma.</subfield>
    <subfield code="c">/ Editado por: Teresa Chai. </subfield>
  </datafield>
  <datafield tag="264" ind1=" " ind2="1">
    <subfield code="a">Filipinas :</subfield>
    <subfield code="b">Asia Pacific Theological Seminary</subfield>
    <subfield code="c">[2014]</subfield>
  </datafield>
  <datafield tag="264" ind1=" " ind2=" ">
    <subfield code="c">&#xA9; 2014</subfield>
  </datafield>
  <datafield tag="300" ind1=" " ind2=" ">
    <subfield code="a">XII, 234 P&#xE1;ginas ; </subfield>
    <subfield code="c">23 cm.</subfield>
  </datafield>
  <datafield tag="336" ind1=" " ind2=" ">
    <subfield code="2">rdacontent</subfield>
    <subfield code="a">texto</subfield>
    <subfield code="b">txt</subfield>
  </datafield>
  <datafield tag="337" ind1=" " ind2=" ">
    <subfield code="2">rdamedia</subfield>
    <subfield code="a">sin mediaci&#xF3;n</subfield>
    <subfield code="b">n</subfield>
  </datafield>
  <datafield tag="338" ind1=" " ind2=" ">
    <subfield code="2">rdacarrier</subfield>
    <subfield code="a">volumen</subfield>
    <subfield code="b">nc</subfield>
  </datafield>
  <datafield tag="500" ind1=" " ind2=" ">
    <subfield code="a">Libro de ensayos escrito en honor a doctor Wonsuk y Julie Ma</subfield>
  </datafield>
  <datafield tag="505" ind1=" " ind2=" ">
    <subfield code="a">Un bosquejo hist&#xF3;rico de Wonsuk and Julie Ma. --  Encarnaci&#xF3;n, pentecost&#xE9;s, y formaci&#xF3;n espiritual virtual: 
Renovando la educaci&#xF3;n teol&#xF3;gica en el contexto global. --  La espiritualidad misional: una contribuci&#xF3;n pentecostal a la formaci&#xF3;n espiritual. -- La educaci&#xF3;n teol&#xF3;gica en un mundo pluralista: Reflexiones teol&#xF3;gicas. -- Contextualizaci&#xF3;n y pentecostal-carism&#xE1;tica. La educaci&#xF3;n en una aldea global. -- Reflexiones pentecostales sobre la apost&#xF3;lica. -- Misi&#xF3;n en el esp&#xED;ritu: desde Edimburgo a Canberra y Atenas</subfield>
  </datafield>
  <datafield tag="563" ind1=" " ind2=" ">
    <subfield code="a">R&#xFA;stico</subfield>
  </datafield>
  <datafield tag="650" ind1=" " ind2="0">
    <subfield code="9">159</subfield>
    <subfield code="a">Teolog&#xED;a doctrinal</subfield>
    <subfield code="x">Historia</subfield>
  </datafield>
  <datafield tag="650" ind1=" " ind2="0">
    <subfield code="9">142</subfield>
    <subfield code="a">Pentecostalismo</subfield>
  </datafield>
  <datafield tag="700" ind1=" " ind2=" ">
    <subfield code="9">1591</subfield>
    <subfield code="a">Chai,Teresa</subfield>
    <subfield code="e">editor.</subfield>
  </datafield>
  <datafield tag="942" ind1=" " ind2=" ">
    <subfield code="c">BK</subfield>
  </datafield>
</record>
